LEADER 00857nab a2200145 i 4500 001 000000287207 003 CaOOAMICUS 005 20180831165346.0 008 180831n xx uu u0 0und r 013 $a40909 040 $aSeMil$bita 245 10$aHeilig :$bund wie?! Katechetische impulse für gemeinde und pastoral. Texte und impulse u.a. zur katechetischen erschließung des Begriffs Heilig(keit), zur Allerheiligenlitanei sowie zum Begriff der Communio Sanctorum. - 15 p. 500 $a2014/2. 773 0 $tPraxisbeilage der katechetischen Blätter [2014].$dMünchen : Kösel, 2014.$w()241149 996 $6245$aHeilig :$bund wie?! Katechetische impulse für gemeinde und pastoral. Texte und impulse u.a. zur katechetischen erschließung des Begriffs Heilig(keit), zur Allerheiligenlitanei sowie zum Begriff der Communio Sanctorum. - 15 p.$9(OLS)http://semarc/title/367589 LEADER 01414nam a2200289 4500 001 000000342239 003 CaOOAMICUS 005 20201022142154.0 008 200924s1990 it a 000 u ita r 020 $a88-211-7458-1 040 $aSeMil$bita 100 1 $aRubiera y Mata, María Jesús.$0(OLS)http://semarc/name/112164 240 13$aLa arquitectura en la literatura árabe.$0(OLS)http://semarc/title/431091 245 12$aL'immaginario e l'architettura nella letteratura araba medievale /$cMaría Jesús Rubiera y Mata ; a cura di Ennio Concina. 264 1$aGenova :$bMarietti,$c1990. 300 $aLV, 158 p., [30] c. di tav. :$bill. ;$c21 cm 500 $aTrad. di Patrizia Passarella, Ennio Concina 650 4$aArchitettura nella letteratura araba - Sec. 7.-14.$0(OLS)http://semarc/subject/49543 700 1 $aConcina, Ennio,$d<1944-2013>.$0(OLS)http://semarc/name/51756 830 0$aBiblioteca arabo-islamica ;$v3.$0(OLS)http://semarc/title/11949 850 $aSeMil 852 $aSeMil$W1$xVenegono$y1$m5G I 91$j221912$B233191$CSeMilBibl$Z2$F233191 $81 961 $aPerego don Stefano - Omaggio 996 $6020$a88-211-7458-1$9(OLS)http://semarc/number/291310 996 $6245$aL'immaginario e l'architettura nella letteratura araba medievale$9(OLS)http://semarc/title/431092 996 $6264$aGenova :$bMarietti$9(OLS)http://semarc/publisher/29997